Tipos textuales /

Guardado en:
Autor Principal: Ciapuscio, Guiomar Elena
Formato: Libro
Publicado: Buenos Aires : Uba, 1994
Materias:
Etiquetas: Agregar Etiqueta
Sin Etiquetas, Sea el primero en etiquetar este registro!
LEADER 00516nam a22001815a 4500
001 EHU.bham024136
003 AR-BHAM
005 20080229153539.0
008 130507s1994##################000#0#####d
082 4 0 |a 401.41 
100 1 |a Ciapuscio, Guiomar Elena 
245 1 0 |a Tipos textuales /  |c Guiomar Elena Ciapuscio 
260 |a Buenos Aires :  |b Uba,  |c 1994 
300 |a 141 p. 
653 |a Analisis del discurso 
653 |a Tipologia 
653 |a Linguistica 
859 |a AR-BHAM  |b BIB. HUMANIDADES - General  |h 401.41  |i C341  |p 647.01  |t Ej.1